Handbook of agronomy / (Record no. 796)
[ view plain ]
| 000 -LEADER | |
|---|---|
| fixed length control field | 00568nam a22002057a 4500 |
| 001 - CONTROL NUMBER | |
| control field | BD-DhSAU 796 |
| 003 - CONTROL NUMBER IDENTIFIER | |
| control field | BD-DhSAU |
| 005 - DATE AND TIME OF LATEST TRANSACTION | |
| control field | 20150510155945.0 |
| 008 - FIXED-LENGTH DATA ELEMENTS--GENERAL INFORMATION | |
| fixed length control field | 150106b1986 bg a|||| |||| 00| 0deng d |
| 040 ## - CATALOGING SOURCE | |
| Transcribing agency | BD-DhSAU |
| Original cataloging agency | BD-DhSAU |
| 082 ## - DEWEY DECIMAL CLASSIFICATION NUMBER | |
| Edition number | 22 |
| Classification number | 630.202 |
| Item number | HUH |
| 100 ## - MAIN ENTRY--PERSONAL NAME | |
| Personal name | Kabir, Mohammad Humayun |
| 245 ## - TITLE STATEMENT | |
| Title | Handbook of agronomy / |
| Statement of responsibility, etc. | Mohammad Humayun Kabir |
| 250 ## - EDITION STATEMENT | |
| Edition statement | 1st ed. |
| 260 ## - PUBLICATION, DISTRIBUTION, ETC. (IMPRINT) | |
| Place of publication, distribution, etc. | Dhaka : |
| Name of publisher, distributor, etc. | Mrs. Latifa Khan ; |
| Date of publication, distribution, etc. | c1986. |
| 300 ## - PHYSICAL DESCRIPTION | |
| Extent | vi, 294 p. : |
| Other physical details | ill. ; |
| Dimensions | 22 cm. |
| 504 ## - BIBLIOGRAPHY, ETC. NOTE | |
| Bibliography, etc | Includes bibliography. |
| 590 ## - Name of Cataloguer | |
| Name of Cataloger | Jerin |
| 650 ## - SUBJECT ADDED ENTRY--TOPICAL TERM | |
| Topical term or geographic name as entry element | Agronomy |
| General subdivision | Handbook |
| 942 ## - ADDED ENTRY ELEMENTS (KOHA) | |
| Source of classification or shelving scheme | Dewey Decimal Classification |
| Koha item type | Book |
| Withdrawn status | Lost status | Source of classification or shelving scheme | Damaged status | Not for loan | Collection code | Home library | Branch Name | Shelving location | Date acquired | Total Checkouts | Barcode | Date last seen | Price effective from | Koha item type | Full call number |
|---|---|---|---|---|---|---|---|---|---|---|---|---|---|---|---|
| Dewey Decimal Classification | Not For Loan | Reference | SAU Library | SAU Library | Reference | 21/10/1992 | 22570 | 06/01/2015 | 06/01/2015 | Book | |||||
| Dewey Decimal Classification | Not For Loan | SAU Library | SAU Library | Reference | 16/02/2002 | 30300 | 01/05/2015 | 01/05/2015 | Book | ||||||
| Dewey Decimal Classification | Not For Loan | SAU Library | SAU Library | Reference | 20/06/1999 | 27653 | 03/05/2015 | 03/05/2015 | Book | ||||||
| Dewey Decimal Classification | Not For Loan | Reference | SAU Library | SAU Library | Reference | 21/10/1986 | 10325 | 10/05/2015 | 10/05/2015 | Book | |||||
| Dewey Decimal Classification | SAU Library | SAU Library | General Stacks | 12/08/1988 | 11146 | 09/09/2015 | 09/09/2015 | Book | 630.202 HUH |
